Biblioteca y Centro de Documentación

La Unión Europea, los Estados Unidos de América y la Asociación Transatlántica para el comercio y la inversión (TTIP) (Registro nro. 48083)

Detalles MARC
000 -CABECERA
Longitud fija campo de control 01102naa a2200265 c 4500
001 - NÚMERO DE CONTROL
Número de control 48083
003 - IDENTIFICADOR DE NÚMERO DE CONTROL
Identificador del número de control ES-MaCES
005 - FECHA Y HORA DE LA ÚLTIMA TRANSACCIÓN
Fecha y hora de la última transacción 20160905121525.0
008 - CAMPO FIJO DE DESCRIPCIÓN FIJA--INFORMACIÓN GENERAL
Códigos de información de longitud fija   160905s2016 sp ||||| t||||||| ||spa d
040 ## - FUENTE DE CATALOGACIÓN
Centro catalogador de origen ES-MaCES
Lengua de catalogación spa
Centro transcriptor ES-MaCES
Centro modificado ES-MaCES
100 1# - ENCABEZAMIENTO PRINCIPAL--NOMBRE PERSONAL
9 (RLIN) 37229
Nombre de persona Ewing, Keith
245 13 - MENCIÓN DE TÍTULO
Título La Unión Europea, los Estados Unidos de América y la Asociación Transatlántica para el comercio y la inversión (TTIP)
Resto del título : la negociación colectiva y la emergente «ley transnacional de relaciones laborales
Mención de responsabilidad, etc. Keith Ewing
500 ## - NOTA GENERAL
Nota general Resumen
650 #4 - ASIENTO SECUNDARIO DE MATERIA--TÉRMINO DE MATERIA
9 (RLIN) 27958
Término de materia o nombre geográfico como elemento inicial comercio internacional
650 #4 - ASIENTO SECUNDARIO DE MATERIA--TÉRMINO DE MATERIA
9 (RLIN) 27963
Término de materia o nombre geográfico como elemento inicial convenio comercial
650 #4 - ASIENTO SECUNDARIO DE MATERIA--TÉRMINO DE MATERIA
9 (RLIN) 28005
Término de materia o nombre geográfico como elemento inicial libre comercio
650 #4 - ASIENTO SECUNDARIO DE MATERIA--TÉRMINO DE MATERIA
9 (RLIN) 28369
Término de materia o nombre geográfico como elemento inicial relaciones laborales
650 #4 - ASIENTO SECUNDARIO DE MATERIA--TÉRMINO DE MATERIA
9 (RLIN) 28362
Término de materia o nombre geográfico como elemento inicial negociación colectiva
650 #4 - ASIENTO SECUNDARIO DE MATERIA--TÉRMINO DE MATERIA
9 (RLIN) 28373
Término de materia o nombre geográfico como elemento inicial Estados Unidos
650 #4 - ASIENTO SECUNDARIO DE MATERIA--TÉRMINO DE MATERIA
9 (RLIN) 26752
Término de materia o nombre geográfico como elemento inicial UE
653 10 - TÉRMINO DE INDEXACIÓN--NO CONTROLADO
Término no controlado Relaciones laborales-Empleo
773 0# - ENTRADA DE DOCUMENTO FUENTE
Itemnumber del ítem fuente 84857
Lugar, editor y fecha de publicación Las Rozas, Madrid Wolters Kluwer España 2015-
Otro identificador del documento 087755
Título Trabajo y derecho
Número de control del registro relacionado (ES-MaCES)45892
Parte(s) relacionada(s) n. 18 (jun. 2016) {55/1129 R. 087755} ;p. 18-25
902 ## - CES. TIPO DE DOCUMENTO
Tipodoc (006$c Sirtex) ART Artículo de revista
942 ## - ELEMENTOS KOHA
Fuente de clasificaión o esquema Clasificación propia del CES
Koha [por defecto] tipo de item Artículos (1982-2017)
Parte de clasificación Relaciones Laborales y Rel. Lab.- Empleo

No hay ítems disponibles.

© CES, Consejo Económico y Social de España 2021